| 000 | 00799nam a2200277 a 4500 | ||
|---|---|---|---|
| 999 |
_c8020 _d8020 |
||
| 001 | 8020 | ||
| 003 | BD-JhCC | ||
| 005 | 20180217173248.0 | ||
| 008 | 140211s1987 nyua |||||||||1|0 eng|d | ||
| 020 | _a0023589205 | ||
| 035 | _a(BD-JhCC)8020 | ||
| 040 |
_aUK-WkNB _cUK-WkNB _dBD-JhCC |
||
| 041 | _aeng | ||
| 082 | 0 | 4 |
_a300 _223 _bHUN 1987 |
| 100 | 1 | _aHunt, Elgin F. | |
| 245 | 1 | 0 |
_aSocial Science: _bAn Introduction to the Study of Society, Global Edition / _cElgin F. Hunt, David C. Colander. |
| 250 | _a6th ed. | ||
| 260 |
_aNew York : _bMacmillan Publishing Company, _c1987. |
||
| 300 |
_axv, 731 p. ; _bill. , _c24 cm. |
||
| 504 | _aIncluding Index. | ||
| 650 | _aSocial Science | ||
| 650 | _aSocial problems | ||
| 700 | 1 | _aColander, David C. | |
| 942 |
_2ddc _cBK |
||